LIBRARY & INFORMATION CENTRE, KCAET, TAVANUR

ONLINE PUBLIC ACCESS CATALOGUE (OPAC)

Ayirathonnu Ravukal, Part - 3 / (Record no. 5240)

MARC details
000 -LEADER
fixed length control field 00288cam a2200109ua 4500
082 ## - DEWEY DECIMAL CLASSIFICATION NUMBER
Classification number 894.812308
Item number SUB/AA
100 ## - MAIN ENTRY--AUTHOR NAME
Personal name Subhadra, Parameswaran .
245 ## - TITLE STATEMENT
Title Ayirathonnu Ravukal, Part - 3 /
260 ## - PUBLICATION, DISTRIBUTION, ETC. (IMPRINT)
Place of publication Eranakulam :
Name of publisher C I C C Book House ,
Year of publication 1966.
300 ## - PHYSICAL DESCRIPTION
Number of Pages 138 ; .
942 ## - ADDED ENTRY ELEMENTS (KOHA)
Koha item type Books
Holdings
Withdrawn status Lost status Damaged status Home library Current library Date acquired Full call number Accession Number Koha item type
Withdrawn     KAUAET KAUAET 07/04/2012 894.812308 9003 Books
free website counter